[Event "DVM U14w 2016"]
[Site "Düsseldorf GER"]
[Date "2016.12.28"]
[Round "4"]
[White "Karlinger De la Quintana, Ainhoa"]
[Black "Wolterink, Jule"]
[Result "0-1"]
[Termination "normal"]
[Board "7.3"]
[WhiteElo "1064"]
[BlackElo "1325"]
[WhiteTeam "SC Ammersee"]
[BlackTeam "SK Nordhorn-Blanke"]
[PlyCount "76"]
[WhiteFideId "16217268"]
[BlackFideId "12981206"]
[EventCountry "GER"]
[EventRounds "7"]
[EventType "team-swiss"]
[EventDate "2016.12.26"]

1. c4 e6 2. Nc3 Nf6 3. g3 Bb4 4. a3 Bxc3 5. bxc3 c5 6. Bg2 Nc6 7. e3 d6 8. d4
cxd4 9. cxd4 d5 10. cxd5 Nxd5 11. Bd2 O-O 12. Nf3 Bd7 13. O-O Qc7 14. Qe2 Rfb8
15. e4 Nf6 16. Bf4 e5 17. dxe5 Nh5 18. Be3 Nxe5 19. Rac1 Bc6 20. Bd4 Nxf3+ 21.
Bxf3 Rd8 22. Bxa7 Nxg3 23. hxg3 Rxa7 24. Rc3 Qe5 25. Rfc1 Rda8 26. Qd3 g6 27.
Bg2 Ra4 28. f3 Qxg3 29. Rf1 Qe5 30. Rf2 Rd4 31. Qc2 Kg7 32. Rc5 Qe7 33. Qc3 Qf6
34. e5 Rd1+ 35. Kh2 Qh4+ 36. Bh3 Qxf2+ 37. Bg2 Qd4 38. Qxd4 Rxd4 0-1

[Event "DVM U14w 2016"]
[Site "Düsseldorf GER"]
[Date "2016.12.28"]
[Round "4"]
[White "Wolterink, Insa"]
[Black "Heinze, Vanessa"]
[Result "1-0"]
[Termination "normal"]
[Board "7.4"]
[WhiteElo "1023"]
[BlackElo "783"]
[WhiteTeam "SK Nordhorn-Blanke"]
[BlackTeam "SC Ammersee"]
[PlyCount "129"]
[WhiteFideId "16235266"]
[BlackFideId "16208412"]
[EventCountry "GER"]
[EventRounds "7"]
[EventType "team-swiss"]
[EventDate "2016.12.26"]

1. d4 {[%emt 0:00:00]} d5 {[%eval 0,0] [%emt 0:00:00]} 2. Nf3 Nc6 3. e3 Bf5 4.
Nbd2 Nf6 5. Bd3 Bg6 6. Qe2 e6 7. O-O Bd6 8. e4 dxe4 9. Nxe4 Bxe4 10. Bxe4 Nxe4
11. Qxe4 O-O 12. c3 Qf6 13. Ng5 g6 14. Qh4 Qg7 15. Nf3 Be7 16. Bg5 Bxg5 17.
Qxg5 a6 18. Rfe1 Rfe8 19. Rad1 Qf8 20. Qf4 Qd6 21. Qh6 Qf8 22. Qxf8+ Rxf8 23.
Ne5 Nxe5 24. Rxe5 Rfe8 25. h3 Rad8 26. Rc5 c6 27. Rg5 b5 28. h4 Rd5 29. Rxd5
exd5 30. Ra1 Rb8 31. Kf1 Kf8 32. Ke2 Ke8 33. Kd3 Kd7 34. Kc2 Kd6 35. a4 c5 36.
b4 cxd4 37. cxd4 Kc6 38. Kc3 f5 39. Kb3 h6 40. Re1 g5 41. Re6+ Kc7 42. Rxh6
gxh4 43. Rxh4 Rf8 44. Rh6 Kb7 45. Rd6 bxa4+ 46. Kxa4 Rg8 47. Rxd5 Rxg2 48. Rxf5
Rg8 49. Rc5 Rd8 50. f4 Rxd4 51. f5 Rd8 52. f6 Rf8 53. Rf5 Kc7 54. Ka5 Kb7 55.
f7 Ka7 56. Rf6 Kb7 57. Rb6+ Kc7 58. Kxa6 Rxf7 59. Rb7+ Kc8 60. Rxf7 Kb8 61. Kb6
Kc8 62. Rg7 Kd8 63. Kc6 Ke8 64. b5 Kd8 65. b6 1-0

[Event "DVM U14w 2016"]
[Site "Düsseldorf GER"]
[Date "2016.12.28"]
[Round "4"]
[White "Kalina, Lena"]
[Black "Schilay, Maria"]
[Result "1/2-1/2"]
[Termination "normal"]
[Board "8.1"]
[WhiteElo "1410"]
[BlackElo "1264"]
[WhiteTeam "SC Landskrone"]
[BlackTeam "SK Neumarkt"]
[PlyCount "76"]
[WhiteFideId "12988014"]
[BlackFideId "12942979"]
[EventCountry "GER"]
[EventRounds "7"]
[EventType "team-swiss"]
[EventDate "2016.12.26"]

1. d4 {[%emt 0:00:00]} d5 2. Nf3 c6 3. c4 e6 4. Nc3 Bd6 5. e3 Nf6 6. Bd3 Qc7 7.
O-O Nbd7 8. Qe2 O-O 9. Bc2 Re8 10. Qd3 dxc4 11. Qxc4 e5 12. Ng5 Nb6 13. Qd3 h6
14. Nh7 Qe7 15. Nxf6+ Qxf6 16. Ne4 Qg6 17. Nxd6 Qxd6 18. Rd1 e4 19. Qc3 Nd5 20.
Qc5 Qf6 21. Bd2 Qg5 22. Kh1 Bd7 23. Bb3 Be6 24. Rdc1 Qh4 25. Kg1 Qg5 26. Bxd5
Qxd5 27. Qxd5 Bxd5 28. b4 Re6 29. Rc3 a5 30. bxa5 Rxa5 31. Rxc6 Rxc6 32. Bxa5
Bxa2 33. h3 Bd5 34. Bb4 b6 35. Ra8+ Kh7 36. Rb8 Kg6 37. Kh2 Rf6 38. Kg3 h5
1/2-1/2

[Event "DVM U14w 2016"]
[Site "Düsseldorf GER"]
[Date "2016.12.28"]
[Round "4"]
[White "Adelhardt, Lisa"]
[Black "Yukelson, Tamar"]
[Result "0-1"]
[Termination "normal"]
[Board "8.2"]
[WhiteElo "1214"]
[BlackElo "1417"]
[WhiteTeam "SK Neumarkt"]
[BlackTeam "SC Landskrone"]
[PlyCount "70"]
[WhiteFideId "16235380"]
[BlackFideId "12964069"]
[EventCountry "GER"]
[EventRounds "7"]
[EventType "team-swiss"]
[EventDate "2016.12.26"]

1. e4 c6 2. Nc3 d5 3. Nf3 dxe4 4. Nxe4 Bf5 5. Ng3 Bg6 6. h4 h6 7. Ne5 Bh7 8.
Qh5 g6 9. Qf3 Nf6 10. Bc4 e6 11. b3 Bg7 12. Bb2 O-O 13. O-O Qxd2 14. Bc3 Qd8
15. Rad1 Qe7 16. Ne4 Nxe4 17. Qxe4 g5 18. Qe1 gxh4 19. Bd3 Bxd3 20. Rxd3 Rd8
21. Rxd8+ Qxd8 22. Qe3 Qg5 23. Qxg5 hxg5 24. Re1 Nd7 25. Re3 Nxe5 26. Bxe5 Re8
27. a3 Bxe5 28. Rxe5 f6 29. Re1 Kg7 30. f3 Rd8 31. Kf1 Rd2 32. Rc1 f5 33. b4 g4
34. fxg4 fxg4 35. Kg1 Kf6 0-1

[Event "DVM U14w 2016"]
[Site "Düsseldorf GER"]
[Date "2016.12.28"]
[Round "4"]
[White "Dittenberger, Svenja"]
[Black "Burger, Daiana"]
[Result "1-0"]
[Termination "normal"]
[Board "8.3"]
[WhiteElo "1190"]
[BlackElo "947"]
[WhiteTeam "SC Landskrone"]
[BlackTeam "SK Neumarkt"]
[PlyCount "99"]
[WhiteFideId "12996262"]
[BlackFideId "16217233"]
[EventCountry "GER"]
[EventRounds "7"]
[EventType "team-swiss"]
[EventDate "2016.12.26"]

1. e4 e5 2. Nf3 Nf6 3. Nc3 Bb4 4. Nxe5 O-O 5. Bc4 Qe7 6. Nf3 Bxc3 7. dxc3 Qxe4+
8. Qe2 Qxe2+ 9. Bxe2 Re8 10. Nd4 Nc6 11. Be3 d5 12. Nxc6 bxc6 13. O-O Bf5 14.
Bd3 Be4 15. Bg5 Nd7 16. Bxe4 dxe4 17. Rfe1 Nc5 18. Bf4 Re7 19. Re2 h6 20. Rae1
Rd8 21. h3 a5 22. b3 g5 23. Bc1 a4 24. Ba3 Re5 25. Bxc5 Rxc5 26. c4 Re8 27.
Rxe4 Rxe4 28. Rxe4 axb3 29. cxb3 Kg7 30. Re7 Kg6 31. Rxc7 Ra5 32. Rxc6+ f6 33.
a4 Re5 34. Kf1 h5 35. Rb6 g4 36. hxg4 hxg4 37. Rb5 Re8 38. a5 f5 39. a6 Re6 40.
a7 Ra6 41. Rb7 Kg5 42. c5 Ra1+ 43. Ke2 f4 44. g3 Ra2+ 45. Kd3 fxg3 46. fxg3 Kf6
47. c6 Rf2 48. a8=Q Rf3+ 49. Kc2 Rf2+ 50. Kb1 1-0

[Event "DVM U14w 2016"]
[Site "Düsseldorf GER"]
[Date "2016.12.28"]
[Round "4"]
[White "Otterpohl, Isabel"]
[Black "Kohl, Natalie"]
[Result "1/2-1/2"]
[Termination "normal"]
[Board "9.1"]
[WhiteElo "1705"]
[BlackElo "1448"]
[WhiteTeam "SV Hemer"]
[BlackTeam "Meuselwitzer SV"]
[PlyCount "64"]
[WhiteFideId "12999180"]
[BlackFideId "12967408"]
[EventCountry "GER"]
[EventRounds "7"]
[EventType "team-swiss"]
[EventDate "2016.12.26"]

1. e4 c5 2. c3 d5 3. exd5 Qxd5 4. d4 cxd4 5. cxd4 Nc6 6. Nf3 Bg4 7. Be2 Nf6 8.
Nc3 Qd8 9. Be3 e6 10. a3 a6 11. h3 Bh5 12. Rc1 Be7 13. O-O O-O 14. b4 h6 15.
Qd2 Rc8 16. Rfd1 Bxf3 17. Bxf3 Rc7 18. Bf4 Rd7 19. Ne2 Qb6 20. Rc4 Rfd8 21. Be3
Nd5 22. Bxd5 Rxd5 23. Nf4 Qb5 24. Nxd5 Qxc4 25. Nxe7+ Nxe7 26. Rc1 Qd5 27. Rc5
Qd6 28. Rc3 Nf5 29. Rd3 Qd5 30. Qc3 Nh4 31. f3 Qa2 32. Rd2 Qb1+ 1/2-1/2

[Event "DVM U14w 2016"]
[Site "Düsseldorf GER"]
[Date "2016.12.28"]
[Round "4"]
[White "Neumann, Tina"]
[Black "Naumenko, Valerija"]
[Result "0-1"]
[Termination "normal"]
[Board "9.2"]
[WhiteElo "1516"]
[BlackElo "1317"]
[WhiteTeam "Meuselwitzer SV"]
[BlackTeam "SV Hemer"]
[PlyCount "84"]
[WhiteFideId "16212371"]
[BlackFideId "16222890"]
[EventCountry "GER"]
[EventRounds "7"]
[EventType "team-swiss"]
[EventDate "2016.12.26"]

1. e4 e5 {[%emt 0:00:00]} 2. d4 exd4 3. c3 d3 4. Bxd3 Nc6 5. Nf3 d6 6. Be3 Be7
7. O-O Nf6 8. h3 O-O 9. Nbd2 d5 10. Qc2 h6 11. Rad1 Be6 12. Nb3 Qc8 13. Nbd4
dxe4 14. Nxc6 bxc6 15. Bxe4 Nxe4 16. Qxe4 Bd6 17. Qxc6 Bxa2 18. Ra1 Be6 19.
Bxa7 Rd8 20. Be3 Rxa1 21. Rxa1 Bd5 22. Qa4 Bxf3 23. gxf3 Qxh3 24. f4 Qg4+ 25.
Kf1 Be7 26. b4 Bh4 27. b5 Qh3+ 28. Kg1 Rd6 29. Qa8+ Kh7 30. f5 Qxf5 31. c4 Qh3
32. Qe4+ Rg6+ 33. Qxg6+ fxg6 34. c5 Qf5 35. b6 Qg4+ 36. Kf1 Qh3+ 37. Ke2 cxb6
38. cxb6 Qc8 39. Rd1 Bg5 40. Bxg5 hxg5 41. Rh1+ Kg8 42. Rb1 Qc2+ 0-1

[Event "DVM U14w 2016"]
[Site "Düsseldorf GER"]
[Date "2016.12.28"]
[Round "4"]
[White "Manus, Julia"]
[Black "Meyer, Jessica"]
[Result "1/2-1/2"]
[Termination "normal"]
[Board "9.3"]
[WhiteElo "969"]
[BlackElo "1402"]
[WhiteTeam "SV Hemer"]
[BlackTeam "Meuselwitzer SV"]
[PlyCount "60"]
[WhiteFideId "16234979"]
[BlackFideId "16230019"]
[EventCountry "GER"]
[EventRounds "7"]
[EventType "team-swiss"]
[EventDate "2016.12.26"]

1. e4 c5 2. Nf3 d6 3. d4 cxd4 4. Nxd4 Nc6 5. Bb5 Bd7 6. Bxc6 bxc6 7. Nc3 e6 8.
O-O Be7 9. f4 d5 10. e5 f6 11. Kh1 Bc5 12. Nb3 Bb6 13. Na4 Qc7 14. Nxb6 axb6
15. Qe2 f5 16. Be3 c5 17. c3 Ne7 18. Rg1 Nc6 19. g4 g6 20. h4 Qd8 21. Bf2 Qe7
22. Nd2 Kd8 23. b3 Kc7 24. c4 d4 25. Nf3 Bc8 26. Ne1 Bb7 27. Kh2 Rhd8 28. a3
Qf7 29. g5 Kd7 30. Nd3 Ke8 1/2-1/2

[Event "DVM U14w 2016"]
[Site "Düsseldorf GER"]
[Date "2016.12.28"]
[Round "4"]
[White "Zehr, Selina"]
[Black "Drees, Kim"]
[Result "0-1"]
[Termination "normal"]
[Board "9.4"]
[WhiteElo "981"]
[BlackElo "1016"]
[WhiteTeam "Meuselwitzer SV"]
[BlackTeam "SV Hemer"]
[PlyCount "68"]
[WhiteFideId "16235282"]
[BlackFideId "16235339"]
[EventCountry "GER"]
[EventRounds "7"]
[EventType "team-swiss"]
[EventDate "2016.12.26"]

1. e4 {[%emt 0:00:00]} e5 2. Nf3 Nf6 3. Nxe5 d6 4. Nf3 Nxe4 5. Qe2 Qe7 6. d3
Nf6 7. Qxe7+ Bxe7 8. Be3 Bf5 9. g3 c5 10. b3 Nd5 11. c4 Nxe3 12. fxe3 Bf6 13.
d4 Nc6 14. Nc3 O-O 15. Nb5 Rae8 16. Kf2 Be4 17. Rd1 cxd4 18. Nxd6 Re7 19. Nxe4
Rxe4 20. Re1 Rfe8 21. exd4 Rxe1 22. Nxe1 Bxd4+ 23. Kg2 Rxe1 24. h4 Ra1 25. Kh3
Rxa2 26. Bd3 Ra3 27. Re1 g6 28. Bc2 Kg7 29. Rb1 Ra1 30. Rxa1 Bxa1 31. Be4 Nd4
32. b4 b6 33. b5 f5 34. Bf3 Nxf3 0-1

[Event "DVM U14w 2016"]
[Site "Düsseldorf GER"]
[Date "2016.12.28"]
[Round "4"]
[White "Schneider, Xenia"]
[Black "Kirschner, Elena"]
[Result "0-1"]
[Termination "normal"]
[Board "10.1"]
[WhiteElo "1342"]
[BlackElo "1269"]
[WhiteTeam "SK Endingen"]
[BlackTeam "SV SF Friedrichshagen"]
[PlyCount "174"]
[WhiteFideId "12911984"]
[BlackFideId "16205804"]
[EventCountry "GER"]
[EventRounds "7"]
[EventType "team-swiss"]
[EventDate "2016.12.26"]

1. e4 e6 2. Nf3 d5 3. exd5 exd5 4. d4 Bd6 5. Nc3 Ne7 6. Bd3 O-O 7. O-O a6 8.
Bg5 f6 9. Be3 Nbc6 10. a3 Bg4 11. h3 Bh5 12. g4 Bf7 13. Nh4 Be6 14. Qf3 Qd7 15.
Kh1 Nd8 16. Rg1 c6 17. Nf5 Bc7 18. Rg2 Nf7 19. Rag1 Kh8 20. Na4 b6 21. Bd2 a5
22. h4 g5 23. Nxe7 Qxe7 24. hxg5 Nxg5 25. Bxg5 fxg5 26. Qh3 Rf7 27. Re1 Qd7 28.
Re3 Raf8 29. Qh5 Rg7 30. Kg1 Rf4 31. f3 Rxd4 {(=)} 32. Nc3 Rf4 33. Rge2 Rf6 34.
Kf2 Bf4 35. Re1 Bxe3+ 36. Kxe3 Re7 37. Kd2 Rg7 38. Be2 Qd6 39. Bd3 Qf4+ 40. Kd1
Qd6 41. Rh1 Rff7 42. Bg6 Bxg4 43. Qxg4 Qxg6 44. Re1 Rf4 45. Qh3 g4 46. Qg3 Qg5
47. Rg1 h5 48. Ne2 Rf8 49. f4 Qg6 50. Nd4 Qf6 51. Ne2 Rh7 52. c3 Rg8 53. Rh1 h4
54. Qe3 g3 55. Qxb6 g2 56. Rh2 Qg6 57. Qd4+ Rgg7 58. Ng1 Qg3 59. Rh3 Qg6 60.
Kc1 Kg8 61. Qf2 Qg4 62. Kd2 Rh6 63. f5 Rf7 64. Rf3 Rhf6 65. Rh3 Qxf5 66. Qxg2+
Rg7 67. Qh2 Qf2+ 68. Ne2 Qxh2 69. Rxh2 Rh7 70. Ke3 Rg6 71. Nf4 Rgg7 72. Kd4 Rg4
73. Ke5 Rg5+ 74. Kd6 Rh6+ 75. Kc5 {(=)} Kf7 76. Ne2 Kf6 77. Nd4 h3 78. Rf2+ Kg6
79. Nf3 Rg2 80. Ne5+ Kh7 81. Rf7+ Rg7 82. Rxg7+ Kxg7 83. Ng4 Rh4 84. Nh2 Kg6
85. Kxc6 Kf5 86. Kxd5 Kf4 87. c4 Kg3 0-1

[Event "DVM U14w 2016"]
[Site "Düsseldorf GER"]
[Date "2016.12.28"]
[Round "4"]
[White "Fricke, Edna Marlene"]
[Black "Wagner, Anna"]
[Result "0-1"]
[Termination "normal"]
[Board "10.2"]
[WhiteElo "1376"]
[BlackElo "1133"]
[WhiteTeam "SV SF Friedrichshagen"]
[BlackTeam "SK Endingen"]
[PlyCount "64"]
[WhiteFideId "12988839"]
[BlackFideId "12983489"]
[EventCountry "GER"]
[EventRounds "7"]
[EventType "team-swiss"]
[EventDate "2016.12.26"]

1. e4 c6 2. d4 d5 3. exd5 cxd5 4. Bd3 Nc6 5. c3 e6 6. Bf4 Nf6 7. Nf3 Bd6 8.
Bxd6 Qxd6 9. Nbd2 e5 10. Qc2 e4 11. Bxe4 dxe4 12. Nxe4 Nxe4 13. Qxe4+ Qe7 14.
Qxe7+ Nxe7 15. O-O O-O 16. Rfd1 Bg4 17. Rd3 Bxf3 18. Rxf3 Ng6 19. Rd1 Rad8 20.
d5 Rfe8 21. c4 b5 22. c5 Rxd5 23. Rc1 Rxc5 24. Rd1 Rec8 25. g3 Rc1 26. Rxc1
Rxc1+ 27. Kg2 Rc2 28. Rb3 a6 29. Rb4 Kf8 30. a3 Ne5 31. Rb3 Nc4 32. Rd3 Rxb2
0-1

[Event "DVM U14w 2016"]
[Site "Düsseldorf GER"]
[Date "2016.12.28"]
[Round "4"]
[White "Henninger, Claire"]
[Black "Kessen, Fanny"]
[Result "0-1"]
[Termination "normal"]
[Board "10.3"]
[WhiteElo "1033"]
[BlackElo "1218"]
[WhiteTeam "SK Endingen"]
[BlackTeam "SV SF Friedrichshagen"]
[PlyCount "116"]
[WhiteFideId "16200659"]
[BlackFideId "16217357"]
[EventCountry "GER"]
[EventRounds "7"]
[EventType "team-swiss"]
[EventDate "2016.12.26"]

1. e4 c5 2. Nc3 Nc6 3. Nf3 g6 4. Bb5 Bg7 5. Bxc6 bxc6 6. O-O Nf6 7. d3 O-O 8.
d4 cxd4 9. Nxd4 c5 10. Nf3 Bb7 11. Re1 d6 12. Bf4 Nh5 13. Bd2 Rb8 14. Rb1 Qd7
15. Qe2 Qg4 16. h3 Qe6 17. Ng5 Qf6 18. Nf3 Nf4 19. Qe3 Bh6 20. Nh2 Bc8 21. Ng4
Bxg4 22. hxg4 Qe6 23. Qf3 Nh3+ 24. gxh3 Bxd2 25. Red1 Bxc3 26. bxc3 Qxa2 27.
Ra1 Qxc2 28. Rxa7 Rfe8 29. Re1 Rb3 30. Re3 Qc1+ 31. Kg2 Ra3 32. Rc7 Qb2 33. Qg3
Qb6 34. c4 Rxe3 35. Qxe3 Qxc7 36. Qh6 Qc6 37. f3 e6 38. h4 d5 39. h5 dxe4 40.
fxe4 Qxe4+ 41. Kh3 Qxc4 42. Kh4 Qe4 43. Kh3 c4 44. Qc1 Rd8 45. h6 f5 46. Qb2
Rd3+ 47. Kh2 Qf4+ 48. Kg2 Rd2+ 49. Qxd2 Qxd2+ 50. Kh3 fxg4+ 51. Kxg4 c3 52. Kf3
c2 53. Ke4 c1=Q 54. Ke5 Kf7 55. Ke4 Qce1+ 56. Kf3 Qdf2+ 57. Kg4 Qeg1+ 58. Kh3
Qfh2# 0-1

[Event "DVM U14w 2016"]
[Site "Düsseldorf GER"]
[Date "2016.12.28"]
[Round "4"]
[White "de Veer, Mara"]
[Black "Reinbold, Sorah Marie"]
[Result "1-0"]
[Termination "normal"]
[Board "10.4"]
[WhiteElo "969"]
[BlackElo "1001"]
[WhiteTeam "SV SF Friedrichshagen"]
[BlackTeam "SK Endingen"]
[PlyCount "161"]
[WhiteFideId "16217349"]
[BlackFideId "12983497"]
[EventCountry "GER"]
[EventRounds "7"]
[EventType "team-swiss"]
[EventDate "2016.12.26"]

1. e4 e5 2. Bc4 Nf6 3. d3 Bc5 4. c3 Nc6 5. Bb3 d6 6. Nf3 Bg4 7. h3 Bd7 8. O-O
O-O 9. Re1 Qe7 10. Be3 Bxe3 11. Rxe3 Be6 12. Bc2 d5 13. Nbd2 d4 14. cxd4 exd4
15. Re2 Rad8 16. Nf1 Nb4 17. Bb3 Bxb3 18. Qxb3 h6 19. Qc4 Nc6 20. Qb5 Rb8 21.
a4 Qb4 22. Qxb4 Nxb4 23. Nxd4 Nxd3 24. Nb5 Rfe8 25. f3 Nf4 26. Rd2 Ne6 27. Ne3
a6 28. Nd4 Nc5 29. b3 Rbd8 30. Rad1 Rd7 31. Ndf5 Rxd2 32. Rxd2 Nxb3 33. Rb2 Nc5
34. a5 Rb8 35. g4 Nd3 36. Re2 c6 37. h4 Ne5 38. Kg2 Nd3 39. Rd2 Rd8 40. Kf1 c5
41. Nc4 Rd7 42. Nb6 Rd8 43. Nc8 Rxc8 44. Ne7+ Kh8 45. Nxc8 Ne5 46. Kf2 Nexg4+
47. Ke1 Ne5 48. Ke2 Kh7 49. Nd6 g5 50. hxg5 hxg5 51. Ke3 g4 52. fxg4 Nfxg4+ 53.
Kf4 Kg6 54. Rc2 Kf6 55. Nxb7 Nh6 56. Nxc5 Ng6+ 57. Kg3 Ke5 58. Rh2 Ng8 59. Nxa6
Kxe4 60. Nc5+ Kd5 61. a6 Kxc5 62. a7 N8e7 63. Rf2 f5 64. a8=Q f4+ 65. Rxf4 Nxf4
66. Kxf4 Nd5+ 67. Ke4 Nc3+ 68. Ke5 Kc4 69. Qc6+ Kd3 70. Kf5 Kc2 71. Ke5 Kd3 72.
Qf3+ Kc4 73. Qe3 Kb3 74. Kd4 Ka2 75. Qxc3 Kb1 76. Qc6 Kb2 77. Kd3 Kb1 78. Kd2
Kb2 79. Qb6+ Ka3 80. Kc3 Ka4 81. Qb4# 1-0

[Event "DVM U14w 2016"]
[Site "Düsseldorf GER"]
[Date "2016.12.29"]
[Round "5"]
[White "Ehmann, Johanna"]
[Black "Müdder, Melanie"]
[Result "0-1"]
[Termination "normal"]
[Board "1.1"]
[WhiteElo "1686"]
[BlackElo "1604"]
[WhiteClock "00:27:00"]
[BlackClock "00:26:49"]
[WhiteTeam "SF Sasbach"]
[BlackTeam "SG Solingen"]
[PlyCount "102"]
[WhiteFideId "12953130"]
[BlackFideId "12994103"]
[EventCountry "GER"]
[EventRounds "7"]
[EventType "team-swiss"]
[EventDate "2016.12.26"]

1. e4 {[%clk 1:30:58]} c5 {[%clk 1:30:54]} 2. Nf3 {[%clk 1:31:23]} Nc6 {[%clk
1:31:17]} 3. d4 {[%clk 1:31:45]} cxd4 {[%clk 1:31:39]} 4. Nxd4 {[%clk 1:32:09]}
e5 {[%clk 1:32:02]} 5. Nb3 {[%clk 1:31:30]} Nf6 {[%clk 1:31:33]} 6. Nc3 {[%clk
1:30:06]} Bb4 {[%clk 1:30:05]} 7. Bd3 {[%clk 1:27:52]} d5 {[%clk 1:25:32]} 8.
exd5 {[%clk 1:24:24]} Qxd5 {[%clk 1:17:25]} 9. O-O {[%clk 1:21:46]} Bxc3 {[%clk
1:16:50]} 10. bxc3 {[%clk 1:21:41]} O-O {[%clk 1:14:20]} 11. c4 {[%clk
1:15:24]} Qe6 {[%clk 1:06:42]} 12. Nc5 {[%clk 1:07:36]} Qe7 {[%clk 1:00:02]}
13. Ne4 {[%clk 0:57:41]} Nxe4 {[%clk 0:44:20]} 14. Bxe4 {[%clk 0:57:58]} Qe6
{[%clk 0:43:16]} 15. Qd3 {[%clk 0:48:47]} h6 {[%clk 0:37:48]} 16. Bd5 {[%clk
0:43:45]} Qf6 {[%clk 0:29:26]} 17. Qg3 {[%clk 0:38:39]} Nd4 {[%clk 0:26:09]}
18. Qd3 {[%clk 0:33:38]} Bf5 {[%clk 0:22:34]} 19. Be4 {[%clk 0:32:29]} Rfd8
{[%clk 0:20:25]} 20. Bxf5 {[%clk 0:29:24]} Nxf5 {[%clk 0:20:10]} 21. Qf3 {[%clk
0:27:27]} e4 {[%clk 0:18:09]} 22. Qxe4 {[%clk 0:15:20]} Nd6 {[%clk 0:15:05]}
23. Qg4 {[%clk 0:10:10]} Qxa1 {[%clk 0:14:05]} 24. Bxh6 {[%clk 0:09:50]} Qf6
{[%clk 0:13:21]} 25. Bg5 {[%clk 0:09:02]} Qg6 {[%clk 0:13:38]} 26. Qf4 {[%clk
0:08:42]} Re8 {[%clk 0:12:51]} 27. Rd1 {[%clk 0:07:27]} Nxc4 {[%clk 0:10:32]}
28. h4 {[%clk 0:07:05]} Nb6 {[%clk 0:08:48]} 29. Rd6 {[%clk 0:05:32]} Qe4
{[%clk 0:07:39]} 30. Qg3 {[%clk 0:04:41]} Qe1+ {[%clk 0:06:19]} 31. Kh2 {[%clk
0:05:02]} Qe5 {[%clk 0:06:25]} 32. Bf4 {[%clk 0:05:01]} Qh5 {[%clk 0:06:26]}
33. Rh6 {[%clk 0:04:12]} Qf5 {[%clk 0:05:05]} 34. Rd6 {[%clk 0:01:18]} Re6
{[%clk 0:04:51]} 35. Rd4 {[%clk 0:00:35]} Rg6 {[%clk 0:04:27]} 36. Qe3 {[%clk
0:00:35]} Nd5 {[%clk 0:03:26]} 37. Qf3 {[%clk 0:00:40]} Nxf4 {[%clk 0:02:46]}
38. Rxf4 {[%clk 0:01:03]} Qe5 {[%clk 0:02:12]} 39. g3 {[%clk 0:01:13]} Rf6
{[%clk 0:00:46]} 40. Qxb7 {[%clk 0:01:00]} Rf8 {[%clk 0:00:34]} 41. Rxf6 {[%clk
0:00:55]} Qxf6 {[%clk 0:00:36]} 42. Qxa7 {[%clk 0:01:12]} Qb2 {[%clk 0:30:13]}
43. c4 {[%clk 0:31:44]} Qc2 {[%clk 0:30:07]} 44. a4 {[%clk 0:30:10]} Qxc4
{[%clk 0:30:06]} 45. a5 {[%clk 0:29:55]} Rc8 {[%clk 0:28:17]} 46. Qb6 {[%clk
0:26:35]} Qc5 {[%clk 0:26:55]} 47. Qa6 {[%clk 0:26:03]} Qxf2+ {[%clk 0:26:18]}
48. Kh3 {[%clk 0:26:24]} Qf5+ {[%clk 0:26:20]} 49. Kg2 {[%clk 0:26:31]} Rc2+
{[%clk 0:26:33]} 50. Kh1 {[%clk 0:26:39]} Qf3+ {[%clk 0:26:49]} 51. Kg1 {[%clk
0:27:00]} Qg2# 0-1

[Event "DVM U14w 2016"]
[Site "Düsseldorf GER"]
[Date "2016.12.29"]
[Round "5"]
[White "Berelowitsch, Dana"]
[Black "Höglauer, Jenny"]
[Result "0-1"]
[Termination "normal"]
[Board "1.2"]
[WhiteElo "1458"]
[BlackElo "1643"]
[WhiteClock "00:30:28"]
[BlackClock "00:30:58"]
[WhiteTeam "SG Solingen"]
[BlackTeam "SF Sasbach"]
[PlyCount "76"]
[WhiteFideId "12977144"]
[BlackFideId "12982598"]
[EventCountry "GER"]
[EventRounds "7"]
[EventType "team-swiss"]
[EventDate "2016.12.26"]

1. e4 {[%clk 1:30:58]} c5 {[%clk 1:30:50]} 2. Nf3 {[%clk 1:31:22]} a6 {[%clk
1:31:06]} 3. c3 {[%clk 1:31:44]} e6 {[%clk 1:30:48]} 4. d4 {[%clk 1:32:00]}
cxd4 {[%clk 1:30:53]} 5. cxd4 {[%clk 1:32:22]} b5 {[%clk 1:30:21]} 6. Bd3
{[%clk 1:26:28]} Bb7 {[%clk 1:28:11]} 7. O-O {[%clk 1:24:36]} Nf6 {[%clk
1:25:47]} 8. e5 {[%clk 1:17:39]} Nd5 {[%clk 1:21:28]} 9. Nbd2 {[%clk 1:13:53]}
Be7 {[%clk 1:07:41]} 10. Ne4 {[%clk 1:10:14]} O-O {[%clk 1:03:45]} 11. Bd2
{[%clk 1:01:05]} Nc6 {[%clk 0:59:22]} 12. Nc3 {[%clk 0:54:07]} Ncb4 {[%clk
0:53:40]} 13. Bb1 {[%clk 0:50:13]} Rc8 {[%clk 0:50:11]} 14. a3 {[%clk 0:48:52]}
Nxc3 {[%clk 0:48:58]} 15. bxc3 {[%clk 0:48:32]} Nd5 {[%clk 0:48:48]} 16. Qc2
{[%clk 0:47:39]} g6 {[%clk 0:47:27]} 17. Qb3 {[%clk 0:36:27]} Qb6 {[%clk
0:35:35]} 18. Bd3 {[%clk 0:33:32]} Rc7 {[%clk 0:32:00]} 19. Rfc1 {[%clk
0:26:55]} Rfc8 {[%clk 0:30:32]} 20. h4 {[%clk 0:25:41]} d6 {[%clk 0:27:19]} 21.
h5 {[%clk 0:24:12]} dxe5 {[%clk 0:25:00]} 22. hxg6 {[%clk 0:21:24]} fxg6 {[%clk
0:23:33]} 23. Nxe5 {[%clk 0:20:01]} Bf6 {[%clk 0:22:34]} 24. Ng4 {[%clk
0:18:30]} Bg7 {[%clk 0:21:03]} 25. Rc2 {[%clk 0:13:55]} Bf8 {[%clk 0:17:17]}
26. Re1 {[%clk 0:13:43]} Re8 {[%clk 0:16:02]} 27. Rcc1 {[%clk 0:12:37]} Qa5
{[%clk 0:14:44]} 28. Qb1 {[%clk 0:10:49]} Nxc3 {[%clk 0:06:46]} 29. Bxc3 {[%clk
0:10:51]} Rxc3 {[%clk 0:06:35]} 30. Bxg6 {[%clk 0:08:07]} Rxc1 {[%clk 0:04:28]}
31. Rxc1 {[%clk 0:06:14]} Re7 {[%clk 0:03:28]} 32. Nf6+ {[%clk 0:04:40]} Kh8
{[%clk 0:02:51]} 33. Nxh7 {[%clk 0:03:42]} Bh6 {[%clk 0:02:23]} 34. Rc5 {[%clk
0:03:12]} Qxa3 {[%clk 0:01:16]} 35. Nf6 {[%clk 0:01:39]} Kg7 {[%clk 0:00:52]}
36. Bh7 {[%clk 0:01:06]} Kf8 {[%clk 0:00:35]} 37. Qd1 {[%clk 0:00:33]} Rf7
{[%clk 0:00:36]} 38. Qe2 {[%clk 0:30:28]} Qa1+ {[%clk 0:30:58]} 0-1